000 00369nam a2200133Ia 4500
008 240624s9999 xx 000 0 und d
041 _aeng
082 _a658.4094 GAR
100 _aGARDENSWARTZ LEE
245 _aEMOTIONAL INTELLIGENCE FOR MANAGING RESU
260 _c2008
_aCalifornia
_bDavise-Black Publishing
300 _axvi, : 184 : p. : cm. ; 24
365 _c
_b30
999 _c12723
_d12723